Aston Villa Squad 2024-2025 - Statistics

General Stats
  • This quiz has been taken 432 times
    165 since last reset
  • The average score is 24 of 31
Answer Stats
# Position Nation Player % Correct
2 DF Poland Matty Cash
96%
11 FW England Ollie Watkins
96%
23 GK Argentina Emiliano Martínez
95%
14 DF Spain Pau Torres
95%
4 DF England Ezri Konsa
94%
7 MF Scotland John McGinn
94%
31 FW Jamaica Leon Bailey
93%
8 MF Belgium Youri Tielemans
93%
9 FW England Marcus Rashford
91%
9 FW Colombia Jhon Durán
90%
- Coach Spain Unai Emery
90%
24 MF Belgium Amadou Onana
88%
12 DF France Lucas Digne
88%
21 FW Spain Marco Asensio
88%
5 DF England Tyrone Mings
88%
3 DF Brazil Diego Carlos
87%
10 MF Argentina Emiliano Buendía
87%
41 MF England Jacob Ramsey
86%
44 MF France Boubacar Kamara
84%
17 FW Netherlands Donyell Malen
82%
25 GK Sweden Robin Olsen
81%
22 DF Netherlands Ian Maatsen
80%
27 FW England Morgan Rogers
79%
3 DF France Axel Disasi
69%
6 MF England Ross Barkley
67%
26 DF Netherlands Lamare Bogarde
53%
16 DF Spain Andrés García
51%
20 DF Serbia Kosta Nedeljković
42%
19 FW England Jaden Philogene
38%
18 GK Australia Joe Gauci
38%
30 DF England Kortney Hause
38%
No matching quizzes found
Score Distribution
Percent of People with Each Score
Percentile by Number Answered
Your Score History
You have not taken this quiz since the last reset